Estadísticas para Películas de Alex de la Iglesia

Haz click aquí para intentar la prueba.

Estadísticas generales

  • Esta prueba ha sido intentada 55 veces
  • La puntuación promedio es 7 de 15

Estadísticas de respuestas

AñoRepartoPelícula% Correcto
1995Álex Angulo, Santiago SeguraEl Día de la Bestia
85%
2017Blanca Suárez, Mario CasasEl Bar
82%
2000Carmen Maura, Emilio Gutiérrez CabaLa Comunidad
77%
2013Hugo Silva, Mario CasasLas Brujas de Zugarramurdi
77%
2010Carlos Areces, Antonio de la TorreBalada Triste de Trompeta
64%
2008Elijah Wood, Leonor WatlingLos Crímenes de Oxford
41%
1997Javier Bardem, Rosie PerezPerdita Durango
41%
2002Sancho Gracia, Carmen Maura800 Balas
38%
2004Guillermo Toledo, Carmen CerveraCrimen Ferpecto
38%
1999Santiago Segura, El Gran WyomingMuertos de Risa
38%
2017Belen Rueda, Eduard FernándezPerfectos Desconocidos
38%
2015Pepón Nieto, Mario CasasMi Gran Noche
36%
1993Antonio Resines, Alex AnguloAcción Mutante
33%
2011José Mota, Salma HayekLa Chispa de la Vida
28%
2006Javier Gutiérrez, Leonor WatlingLa Habitación del Niño
13%

Distribución de puntuación

Porcentaje por número respondido

Porcentaje de gente con cada puntuación

Historial de tus puntuaciones

No has intentado esta prueba.